Eksekutif yang berkesan

Bibliographic Details
Main Author: Drucker, Peter F. (Author)
Other Authors: Hassan Ahmad (Editor)
Format: Book
Language:Malay
Published: Kuala Lumpur : Dewan Bahasa dan Pustaka 1984
Subjects:

MARC

LEADER 00000cam a2200000 7i4500
001 0000000528
005 20240919.0
008 991124 my may
040 |a INS   |b eng   |e rda 
090 0 0 |a HF5500.2   |b .D78 1984 
100 1 |a Drucker, Peter F. ,   |e author 
245 1 0 |a Eksekutif yang berkesan   |c Peter F. Drucker   |f terjemahan Hassan Ahmad 
264 1 |a Kuala Lumpur :   |b Dewan Bahasa dan Pustaka   |c 1984 
300 |a vii, 222 pagesc21 cm 
336 |a text  |2 rdacontent 
337 |a unmediated  |2 rdamedia 
338 |a volume  |2 rdacarrier 
650 0 |a Executive 
650 0 |a Management 
700 0 |a Hassan Ahmad ,   |e editor 
999 |a 0000002453   |b BOOK   |c Open Shelf   |e Default branch